Competition, innovation and competitiveness in developing countries

Na minha lista:
Detalhes bibliográficos
Autor principal: Mytelka, Lynn Krieger
Autor Corporativo: OECD. Development Centre
Formato: Livro
Idioma:inglês
Publicado em: Paris OECD 1999
Colecção:Development Centre studies
Assuntos:
Tags: Adicionar Tag
Sem tags, seja o primeiro a adicionar uma tag!

MARC

LEADER 00000nam a2200000 4500
001 c120025
005 20221221084155.9
020 |a 92-64-17091-X 
041 0 |a eng 
044 |a FR 
245 1 0 |a Competition, innovation and competitiveness in developing countries  |c by Lynn Krieger Mytelka 
264 1 |a Paris  |b OECD  |c 1999 
300 |a 215 s. 
490 1 |a Development Centre studies 
830 0 |a Development Centre studies 
610 2 0 |a konkurencia 
610 2 0 |a konkurencieschopnosť 
610 2 0 |a inovácia 
610 2 0 |a krajiny rozvojové 
610 2 0 |a OECD 
100 1 |a Mytelka, Lynn Krieger 
710 2 |a OECD. Development Centre